000 01506cad a22002655a 4500
001 L151383
008 101101s2010 xxk f s 000 0 eng d
035 _a(Sirsi) u151383
041 0 _aeng
050 0 4 _a346.4104343 $2 18
110 2 _aBritish Property Federation
_91604
245 0 0 _aBPF/IPD annual lease review2010
_h[electronic resource]
250 _a13th ed.
260 _aLondon
_bBPF
_bIPD
_c2010
490 0 _aBPF/IPD Annual Lease Review
_v2010
505 2 _aExecutive summary -- expanded database analysis and headline lease lengths -- technical appendix
520 _aThe 2010 annual lease review, the largest study of its kind ever compiled, shows average lease lengths falling in 2010 to just five years, their lowest ever recorded levels. Small businesses are increasingly signing shorter deals, with 81% on leases of five years or fewer and therefore unlikely to face a rent review. By comparison just over 3% of small businesses have a lease of over 10 years. 2009/10 was a significant year for rent free periods and break clauses as landlords and occupiers grappled with poor economic conditions.
590 _aKA
650 2 4 _aBPF/IPD ANNUAL LEASE REVIEW
651 4 _aUnited Kingdom
_y
690 _aPROPERTY-COMMERCIAL PROPERTY-COMMERCIAL PROPERTY MARKET
710 2 _aInvestment Property Databank
_92288
856 4 0 _uhttps://www.bpf.org.uk/en/files/bpf_documents/BPF_Annual_Lease_Review_2010_13082010.pdf
_zView the review free of charge at www.bpf.org.uk
942 _n0
999 _c111325
_d111325